Cells and tissues by light and electron microscopy. (Record no. 3327)

MARC details
000 -LEADER
fixed length control field 01068nam a2200301 4500
001 - CONTROL NUMBER
control field 000
003 - CONTROL NUMBER IDENTIFIER
control field 000
005 - DATE AND TIME OF LATEST TRANSACTION
control field 20260123131917.0
007 - PHYSICAL DESCRIPTION FIXED FIELD--GENERAL INFORMATION
fixed length control field 000
008 - FIXED-LENGTH DATA ELEMENTS--GENERAL INFORMATION
fixed length control field 000
010 ## - LIBRARY OF CONGRESS CONTROL NUMBER
LC control number 76084241
040 ## - CATALOGING SOURCE
Original cataloging agency UOEL
Transcribing agency DLC
Modifying agency DLC
041 0# - LANGUAGE CODE
Language code of text/sound track or separate title engfre
050 00 - LIBRARY OF CONGRESS CALL NUMBER
Classification number QH582
Item number .S35
082 00 - DEWEY DECIMAL CLASSIFICATION NUMBER
Classification number 574.8/022/2
100 1# - MAIN ENTRY--PERSONAL NAME
Personal name Sandborn, Edmund B.
245 10 - TITLE STATEMENT
Title Cells and tissues by light and electron microscopy.
Remainder of title Microscopie photonique et électronique de tissus et de cellules.
Statement of responsibility, etc. [By] Edmund B. Sandborn. Version française par Réal Gagnon, Pierre Jean [et] Bernard Messier.
260 ## - PUBLICATION, DISTRIBUTION, ETC. (IMPRINT)
Place of publication, distribution, etc. New York,
Name of publisher, distributor, etc. Academic Press
Date of publication, distribution, etc. [1970]
300 ## - PHYSICAL DESCRIPTION
Extent 2 v.
Other physical details illus.
Dimensions 29 cm.
500 ## - GENERAL NOTE
General note English and French.
General note Condensed version published in 1972 under title: Light and electron microscopy of cells and tissues.
504 ## - BIBLIOGRAPHY, ETC. NOTE
Bibliography, etc Includes bibliographies.
650 #0 - SUBJECT ADDED ENTRY--TOPICAL TERM
Topical term or geographic name as entry element Cytology
General subdivision Atlases.
Topical term or geographic name as entry element Histology
General subdivision Atlases.
740 ## - ADDED ENTRY--UNCONTROLLED RELATED/ANALYTICAL TITLE
Uncontrolled related/analytical title Microscopie photonique et électronique de tissus et de cellules.
906 ## - LOCAL DATA ELEMENT F, LDF (RLIN)
a 7
b cbc
c orignew
d u
e ncip
f 19
g y-gencatlg
942 ## - ADDED ENTRY ELEMENTS (KOHA)
Source of classification or shelving scheme Library of Congress Classification
Koha item type BOOK
Holdings
Withdrawn status Lost status Source of classification or shelving scheme Damaged status Not for loan Home library Current library Shelving location Date acquired Total Checkouts Full call number Barcode Date last seen Copy number Price effective from Koha item type
    Library of Congress Classification     UOE Main Library UOE Main Library Open shelf 27/03/2015   QH582 .S35 1970 (vol. 2) 20138169 27/04/2026 20138169 27/03/2015 Loan - Normal on open shelf